00000000cam 2200000zi 4500
0019.960066
003CaOODSP
00520260512115147
006m     o  d f      
007cr cn ||||||||
008260217t20262026oncabd  obs  f000 0 fre d
020 |a9780660984902
040 |aCaOODSP|bfre|erda|cCaOODSP
043 |an-cn---
0861 |aA59-124/2026F-PDF
1001 |aBittman, Shabtai, |eauteur.
24510|aIndicateur de l'ammoniac d'origine agricole.
264 1|a[Ottawa] : |bAgriculture et agroalimentaire Canada = Agriculture and Agri-Food Canada, |c[2026]
264 4|c©2026
300 |a1 ressource en ligne (iii, 41 pages) : |billustrations, cartes, graphiques
336 |atexte|btxt|2rdacontent/fre
337 |ainformatique|bc|2rdamedia/fre
338 |aressource en ligne|bcr|2rdacarrier/fre
500 |aPublié aussi en anglais sous le titre : Agricultural ammonia indicator.
500 |a« Rapport sur les indicateurs agroenvironnementaux. »
500 |a« La durabilité environnementale de l'agriculture canadienne, année de recensement 2021. »
500 |a« Rapport sur les indicateurs agroenvironnementaux, année de recensement 2021 » -- Verso de la couverture.
500 |a« Statut : couverture nationale, 1981-2021 » -- Verso de la couverture.
500 |a« Auteurs : S. Bittman, D. Worth, S. Nanayakarra, T. Martin, D. MacDonald » -- Verso de la couverture.
500 |a« AAFC no. 13345F » -- Verso de la couverture.
504 |aComprend des références bibliographiques (pages 35-41).
650 6|aAmmoniac|xAspect de l'environnement|zCanada.
650 6|aAmmoniac|zCanada|vStatistiques.
655 7|aStatistiques|2rvmgf
7101 |aCanada. |bAgriculture et agroalimentaire Canada, |eorganisme de publication.
77508|tAgricultural ammonia indicator.|w(CaOODSP)9.960067
85640|qPDF|s2.87 Mo|uhttps://publications.gc.ca/collections/collection_2026/aac-aafc/A59-124-2026-fra.pdf
986 |a13345F